[Event "Pivdenny Bank Cup"]
[Site "Odessa UKR"]
[Date "2007.07.06"]
[Round "8"]
[White "Radjabov,T"]
[Black "Korchnoi,V"]
[Result "1-0"]
[WhiteElo "2747"]
[BlackElo "2623"]

1.e4 c5 2.Nf3 e6 3.d4 cxd4 4.Nxd4 Nc6 5.Nc3 d6 6.Be3 Nf6 7.Bd3 d5 8.exd5 Nxd5
9.Nxd5 Qxd5 10.Nxc6 Qxc6 11.O-O Bd7 12.Qh5 g6 13.Qe5 Rg8 14.Be4 Bg7 15.Qf4 Qc8
16.Rad1 Bc6 17.Rd6 g5 18.Qf3 Bxe4 19.Qxe4 Bxb2 20.Rfd1 Bf6 21.Rd7 Qc6 22.Qxh7 Rf8
23.Qd3 Rh8 24.g3 Kf8 25.Qd6+ Qxd6 26.R1xd6 b5 27.Bxa7 g4 28.Rb6 Kg7 29.Rxb5 Rhc8
30.Rb4 Rxc2 31.Rxg4+ Kf8 32.a4 Be7 33.Be3 f5 34.Rg6 Ra6 35.Bh6+ Ke8 36.Rb7 Bf8  1-0

[Event "South Wales Masters"]
[Site "Caerleon WLS"]
[Date "2007.07.07"]
[Round "1"]
[White "Rudd,J"]
[Black "Quinn,J"]
[Result "1-0"]
[WhiteElo "2385"]
[BlackElo "2142"]

1.e4 c5 2.Nf3 e6 3.Nc3 Nc6 4.d4 cxd4 5.Nxd4 Qc7 6.g3 a6 7.Bg2 Nf6 8.O-O d6
9.Be3 Bd7 10.Nb3 Ne5 11.Qe2 Be7 12.Rad1 O-O 13.h3 Rac8 14.g4 Qc4 15.Qe1 Qc7
16.f4 Nc4 17.Bc1 Bc6 18.f5 h6 19.Qg3 d5 20.Qxc7 Rxc7 21.exd5 exd5 22.Nxd5 Nxd5
23.Bxd5 Bxd5 24.Rxd5 Bf6 25.c3 Re8 26.Nd2 Ne3 27.Re1 Rce7 28.Rc5 Nxg4 29.Rxe7 Bxe7
30.Rc7 Bd6 31.Rd7 Bc5+ 32.Kg2 Nf6 33.Rxb7 Re2+ 34.Kf1 Rf2+ 35.Ke1 Rh2 36.b4 Bd6
37.c4 Rxh3 38.Kd1 Bf4 39.c5 Nd5 40.Nb3 Rh1+ 41.Kc2 Bxc1 42.Nxc1 Ne3+ 43.Kd3 Nxf5
44.Nb3 Rd1+ 45.Ke4 g6 46.Ke5 Kg7 47.c6 Re1+ 48.Kf4 Nd6 49.Rd7 g5+ 50.Kf3 Nc4
51.Kf2 Re6 52.c7 Nb6 53.Nd4 Rf6+ 54.Kg2 Kg6 55.a4 Rf4 56.Rd6+  1-0

[Event "Zudov Mem A"]
[Site "Nizhnij Tagil RUS"]
[Date "2007.07.07"]
[Round "2"]
[White "Vokarev,S"]
[Black "Krutko,A"]
[Result "1-0"]
[WhiteElo "2466"]
[BlackElo "2428"]

1.e4 c5 2.Nf3 e6 3.d4 cxd4 4.Nxd4 Nc6 5.Nc3 Qc7 6.Be3 Nf6 7.f4 d6 8.Qf3 Be7
9.O-O-O O-O 10.Rg1 e5 11.Ndb5 Qd8 12.g4 a6 13.g5 Nd7 14.Na3 b5 15.Nd5 exf4
16.Qxf4 Nde5 17.Nf6+ Kh8 18.Qh4 h6 19.Nd5 Nf3 20.gxh6 g5 21.Qf2 g4 22.Nxe7 Nxe7
23.Be2 Be6 24.Bxf3 gxf3 25.Qxf3 f6 26.Bd4  1-0

[Event "XXV Andorra Open"]
[Site "Andorra la Vella AND"]
[Date "2007.07.08"]
[Round "9"]
[White "Kogan,Ar"]
[Black "De la Riva Aguado,O"]
[Result "1/2-1/2"]
[WhiteElo "2566"]
[BlackElo "2525"]

1.e4 c5 2.Nf3 Nc6 3.d4 cxd4 4.Nxd4 e6 5.Nc3 Qc7 6.f4 a6 7.Nxc6 bxc6 8.Bd3 d5
9.O-O Nf6 10.Qe2 Be7 11.Bd2 g6 12.Rae1 O-O 13.e5 Nd7 14.Nd1 c5 15.b3 c4 16.bxc4 dxc4
17.Bxc4 Nc5 18.Nf2 Bb7 19.Ng4 Rad8 20.Be3 Qc6 21.Rf3 Ne4 22.Bd3 Nc5 23.Rg3 Nxd3
24.cxd3 Rd7 25.Nf6+ Bxf6 26.exf6 Rd5 27.Bc1  1/2-1/2

[Event "XXV Andorra Open"]
[Site "Andorra la Vella AND"]
[Date "2007.07.08"]
[Round "9"]
[White "Perez Candelario,Man"]
[Black "Postny,E"]
[Result "1-0"]
[WhiteElo "2511"]
[BlackElo "2622"]

1.e4 c5 2.Nf3 e6 3.d4 cxd4 4.Nxd4 Nc6 5.Nc3 a6 6.Nxc6 bxc6 7.e5 Qc7 8.f4 d6
9.exd6 Bxd6 10.Ne4 Be7 11.Bd3 Nf6 12.Ng5 Qb6 13.Qe2 O-O 14.c3 Rb8 15.Nf3 Nd5
16.Ne5 a5 17.Rf1 g6 18.Rf3 Rd8 19.Qf2 Qc7 20.h4 Bf6 21.Kf1 Bb7 22.h5 c5 23.hxg6 hxg6
24.Rh3 Nxf4 25.Bxf4 Bxe5 26.Qh4 Rxd3 27.Bxe5 Qxe5 28.Qh7+ Kf8 29.Qh8+ Qxh8
30.Rxh8+ Ke7 31.Rxb8 Bd5 32.a4 c4 33.Rb5 Rd2 34.g3 f5 35.Re1 Be4 36.Re3 Kf6
37.Ke1 Rg2 38.Rxa5 Rxb2 39.Rc5 Bd5 40.Rc7 Ra2 41.Ra7 g5 42.a5 f4 43.gxf4 gxf4
44.Re2 Ra3 45.Rf2 e5 46.Rd2 Be4 47.Rd6+ Kf5 48.a6 Rxc3 49.Rf7+ Kg4 50.Re7 Kf3
51.Rxe5 Ke3 52.Rd1 f3 53.Ra1 f2+ 54.Kf1 Rd3 55.a7 Rd8 56.a8=Q Rxa8 57.Rxa8 Kd4
58.Rxe4+ Kxe4 59.Kxf2  1-0

[Event "Tespo Engineering"]
[Site "Brno CZE"]
[Date "2007.07.08"]
[Round "11"]
[White "Radovanovic,J"]
[Black "Chytilek,R"]
[Result "0-1"]
[WhiteElo "2362"]
[BlackElo "2399"]

1.e4 c5 2.Nf3 e6 3.d4 cxd4 4.Nxd4 Nc6 5.Nc3 Qc7 6.Be2 a6 7.O-O Nf6 8.Be3 Bb4
9.Na4 Be7 10.Nxc6 bxc6 11.Nb6 Rb8 12.Nxc8 Qxc8 13.e5 Nd5 14.Bc1 c5 15.c4 Nb4
16.Bf3 O-O 17.b3 Nc6 18.Bb2 f6 19.Be4 f5 20.Bf3 Qc7 21.Re1 Rfd8 22.Bc3 Nd4
23.Bxd4 cxd4 24.Qxd4 Bc5 25.Qb2 Rf8 26.Rad1 Rf7 27.Rd3 g5 28.Red1 g4 29.Be2 a5
30.Bf1 Kh8 31.a3 f4 32.R1d2 g3 33.hxg3 fxg3 34.Rxg3 Rbf8 35.Rh3 Rxf2 36.Rxf2 Rxf2
37.Qxf2 Bxf2+ 38.Kxf2 Qxe5 39.Bd3 Qb2+ 40.Ke3 Qxb3 41.Rxh7+ Kg8 42.Rxd7 Qxa3
43.Kd4 Qb2+ 44.Kc5 a4 45.Kd6 a3 46.Kxe6 Qb6+ 47.Rd6 Qe3+ 48.Kf6 Qf4+ 49.Ke7 Qxd6+
50.Kxd6 a2 51.c5 a1=Q 52.Bc4+ Kf8 53.c6 Qa3+ 54.Kd7 Qe7+ 55.Kc8 Qc5 56.c7 Ke7
57.Kb7 Qb4+  0-1

[Event "ch-SCO"]
[Site "Cumbernauld SCO"]
[Date "2007.07.08"]
[Round "2"]
[White "Marks,I"]
[Black "Grant,A"]
[Result "0-1"]
[WhiteElo "1932"]
[BlackElo "2221"]

1.e4 c5 2.Nf3 e6 3.d4 cxd4 4.Nxd4 Nc6 5.Nc3 Qc7 6.Be3 a6 7.Qd2 Nf6 8.O-O-O Bb4
9.f3 Ne7 10.Nde2 d5 11.Bg5 dxe4 12.Bxf6 gxf6 13.Qd4 exf3 14.Qxb4 fxe2 15.Bxe2 f5
16.Bf3 Ng6 17.Kb1 Bd7 18.Rd4 Bc6 19.Rhd1 Ne5 20.Bxc6+ Nxc6 21.Qc5 Qe5 22.Nd5 exd5
23.Rxd5 Qe7 24.Qc3 O-O 25.Qg3+ Kh8 26.Re1 Qf6 27.Rd6 Qg7 28.Qf3 Rad8 29.Rxd8 Rxd8
30.Qxf5 Qe5 31.Qf2 Qd4 32.Qf3 Nb4 33.c3 Qd3+ 34.Qxd3 Nxd3 35.Rd1 Rd7 36.Kc2 Ne5
37.Re1 f6 38.Re4 Kg7 39.g4 Kg6 40.h4 h5 41.g5 Kf5 42.Rd4 fxg5 43.hxg5 Rxd4
44.cxd4 h4 45.dxe5 h3  0-1

[Event "Kaupthing Open"]
[Site "Differdange LUX"]
[Date "2007.07.08"]
[Round "2"]
[White "Vatter,H"]
[Black "Iotov,V"]
[Result "1-0"]
[WhiteElo "2319"]
[BlackElo "2502"]

1.e4 c5 2.Nf3 e6 3.d4 cxd4 4.Nxd4 Nc6 5.Nc3 Qc7 6.Be3 a6 7.Bd3 Nf6 8.O-O Ne5
9.h3 Bc5 10.Kh1 d6 11.f4 Ng6 12.Qe1 Bd7 13.f5 Ne5 14.Qh4 Qb6 15.Nce2 O-O
16.Rf3 exf5 17.exf5 Nxf3 18.gxf3 Rfe8 19.Rg1 d5 20.Ne6 Rxe6 21.fxe6 Bxe3
22.Qxf6 Bxg1 23.Qxf7+ Kh8  1-0

[Event "Kaupthing Open"]
[Site "Differdange LUX"]
[Date "2007.07.08"]
[Round "2"]
[White "Bojkov,D"]
[Black "Berend,E"]
[Result "1-0"]
[WhiteElo "2520"]
[BlackElo "2340"]

1.e4 c5 2.Nf3 e6 3.d4 cxd4 4.Nxd4 Nc6 5.Nc3 a6 6.Be2 d6 7.O-O Nf6 8.Be3 Be7
9.f4 O-O 10.a4 Re8 11.Kh1 Bf8 12.Nb3 Na5 13.Nd2 d5 14.Bd4 dxe4 15.Ndxe4 Nd7
16.Bd3 Nc6 17.Ng5 g6 18.Qh5 h6 19.Bxg6 Nxd4 20.Bxf7+ Kh8 21.Bxe8 Nf6 22.Nf7+ Kg7  1-0

[Event "Kaupthing Open"]
[Site "Differdange LUX"]
[Date "2007.07.08"]
[Round "3"]
[White "Zozulia,A"]
[Black "Stull,N"]
[Result "1-0"]
[WhiteElo "2328"]
[BlackElo "2134"]

1.e4 c5 2.Nf3 e6 3.d4 cxd4 4.Nxd4 Nc6 5.Nc3 Nf6 6.Ndb5 Bb4 7.a3 Bxc3+ 8.Nxc3 d5
9.exd5 exd5 10.Bd3 d4 11.Ne2 O-O 12.O-O Bg4 13.Bg5 Re8 14.Re1 Rc8 15.Qd2 Qd6
16.Qf4 Qxf4 17.Nxf4 Nh5 18.Nxh5 Bxh5 19.Bf5 Ra8 20.f3 Bg6 21.Bxg6 hxg6 22.Kf2 f6
23.Bd2 Kf7 24.Rad1 Rac8 25.Re2 Rxe2+ 26.Kxe2 Ne5 27.f4 Nc6 28.Kd3 Ke6 29.Re1+ Kd5
30.c4+ dxc3 31.Bxc3 Rc7 32.Re8 b5 33.h3 Rd7 34.g4 Rd8 35.Rxd8+ Nxd8 36.h4 Ne6
37.Ke3 f5 38.gxf5 gxf5 39.h5 Nf8 40.Bxg7 Nh7 41.Kd3 a6 42.h6 Kc5 43.Ke3 Kd5
44.Kf3 Ke6 45.Kg3 Kf7 46.Kh4 a5 47.Kh5 a4 48.Be5 Nf8 49.Kg5  1-0

[Event "6th Open"]
[Site "La Fere FRA"]
[Date "2007.07.08"]
[Round "2"]
[White "Daniel,Antoine"]
[Black "Hutin,E"]
[Result "0-1"]
[WhiteElo "1687"]
[BlackElo "1910"]

1.e4 c5 2.Nc3 e6 3.Nf3 Nc6 4.d4 cxd4 5.Nxd4 Qc7 6.Ndb5 Qb8 7.Be3 Nf6 8.f3 Be7
9.Bc4 O-O 10.O-O Rd8 11.Bb3 Na5 12.Qe2 Nxb3 13.axb3 a6 14.Nd4 d5 15.Bf2 dxe4
16.Nxe4 e5 17.Ng3 g6 18.c3 Nd5 19.Nc2 Nf4 20.Qe3 Be6 21.b4 Rd3 22.Qe1 Bb3
23.Ne3 h5 24.Ne2 Nxe2+ 25.Qxe2 Qd6 26.Be1 Bg5 27.Nc2 Bd2 28.Na3 Rd8 29.Bg3 Re3
30.Qf2 Qd3 31.Kh1 g5 32.h3 h4 33.Bh2 Rd7 34.Nb1 Re2 35.Qc5 Be3 36.Qc8+ Rd8
37.Qxb7 Rxg2 38.Na3 Rxb2 39.Rab1 Rxb1 40.Rxb1 Bd5  0-1

[Event "ch-SWE"]
[Site "Stockholm SWE"]
[Date "2007.07.08"]
[Round "8"]
[White "Smith,Ax"]
[Black "Cramling,P"]
[Result "1/2-1/2"]
[WhiteElo "2251"]
[BlackElo "2535"]

1.e4 c5 2.Nf3 e6 3.d4 cxd4 4.Nxd4 Nc6 5.Nc3 Qc7 6.Be3 Nf6 7.Qd2 Nxd4 8.Bxd4 e5
9.Nb5 Qb8 10.Be3 a6 11.Nc3 Bb4 12.f3 Qc7 13.g4 d6 14.g5 Nh5 15.a3 Bxc3 16.Qxc3 Qxc3+
17.bxc3 Be6 18.Rb1 b5 19.c4 bxc4 20.Rb6 Kd7 21.Kd2 Rhb8 22.Rxb8 Rxb8 23.Be2 Nf4
24.Bxf4 exf4 25.Kc3 Rb5 26.h4 Kc6 27.a4 Ra5 28.Kb4 Re5 29.Bxc4 a5+ 30.Kb3 Kc5
31.Bxe6 fxe6 32.Kc3 d5 33.Kd3 h6 34.Rg1 hxg5 35.hxg5 dxe4+ 36.fxe4 f3 37.Rf1 Rxg5
38.Rxf3 Rg1 39.c3 g5 40.Rf8 Rg3+ 41.Kc2 g4 42.Ra8 Rg1 43.Kb3 Rb1+ 44.Kc2 Ra1
45.Kb3 Rb1+  1/2-1/2

[Event "Open"]
[Site "Banska Stiavnica SVK"]
[Date "2007.07.09"]
[Round "3"]
[White "Pacher,M"]
[Black "Jurcik,Mari"]
[Result "1-0"]
[WhiteElo "2255"]
[BlackElo "2367"]

1.e4 c5 2.Nf3 e6 3.d4 cxd4 4.Nxd4 Nc6 5.Nc3 a6 6.Nxc6 bxc6 7.Bd3 Qc7 8.O-O Nf6
9.f4 d5 10.e5 Nd7 11.Bd2 Be7 12.Qf3 O-O 13.Rae1 Nc5 14.Nd1 Nxd3 15.cxd3 f5
16.exf6 gxf6 17.d4 Bd6 18.Bc3 Ra7 19.Ne3 Qb8 20.Qg4+ Rg7 21.Qh4 f5 22.Qf2 a5
23.Qf3 Ba6 24.Rf2 Bd3 25.Qd1 Be4 26.Ref1 Kh8 27.Bxa5 Rfg8 28.Qd2 Rg6 29.g3 h5
30.Ng2 Rg4 31.Qd1 h4 32.h3 Rxg3 33.Qh5+ Kg7 34.Kh2 Kf8 35.Qh6+ Kf7 36.Nxh4 Qb5
37.Bd8  1-0

[Event "6th IM"]
[Site "Condom FRA"]
[Date "2007.07.09"]
[Round "4"]
[White "Lejarre,L"]
[Black "Bujisho,B"]
[Result "1/2-1/2"]
[WhiteElo "2359"]
[BlackElo "2384"]

1.e4 c5 2.Nf3 e6 3.Nc3 Nc6 4.d4 cxd4 5.Nxd4 Qc7 6.Be2 a6 7.O-O Nf6 8.Be3 Bb4
9.Na4 Bd6 10.g3 b5 11.Nb6 Rb8 12.Nxc8 Rxc8 13.c4 bxc4 14.Nxc6 dxc6 15.Bxc4 a5
16.Rc1 O-O 17.Qf3 Be5 18.b3 Rfd8 19.Rfd1 h6 20.Bc5 Rxd1+ 21.Rxd1 Rd8 22.Rd3 Rxd3
23.Qxd3 Qb8 24.Kg2 g5 25.Be7 Kg7 26.Qd8 Qa7 27.Bxf6+ Bxf6 28.Qd1 Bd4 29.Qe2 Qc7
30.h4 Qe5 31.hxg5 hxg5 32.Qf3 Bc5 33.Qg4 Kf6 34.Qf3+ Ke7 35.Qg4 Ke8 36.Qe2 Qd4
37.Qc2 g4 38.Qe2 Ke7 39.Bd3 Kd7 40.Bc2 Kc7 41.Bd3 Kb6 42.Bc2 Qh8 43.Qxg4 Bxf2
44.Qf3 Bc5 45.Bd3 Qb2+ 46.Qe2 Qd4 47.Kh3 Qh8+ 48.Kg2 Qa1 49.a4 Qg1+ 50.Kh3 Qh1+
51.Qh2 Qf3 52.Qe2 Qf6 53.Kg2 Qe5 54.Bc4 Kc7 55.Qf3 Qg7 56.Qh5 Kb6  1/2-1/2

[Event "Kaupthing Open"]
[Site "Differdange LUX"]
[Date "2007.07.09"]
[Round "4"]
[White "Berend,F"]
[Black "Iotov,V"]
[Result "1-0"]
[WhiteElo "2346"]
[BlackElo "2502"]

1.e4 c5 2.Nf3 e6 3.d4 cxd4 4.Nxd4 Nc6 5.Nc3 Qc7 6.Be3 a6 7.Qd2 Nf6 8.O-O-O Bb4
9.f3 Ne7 10.Nde2 b5 11.Bf4 e5 12.Bg3 Bb7 13.Bf4 Bc8 14.Bg5 Bb7 15.Bxf6 gxf6
16.Qh6 Qb6 17.g3 Bxc3 18.Nxc3 b4 19.Na4 Qc6 20.b3 O-O-O 21.Bc4 Kb8 22.Qd2 a5
23.Qd6+ Qxd6 24.Rxd6 f5 25.Nc5 Bc6 26.Re1 fxe4 27.fxe4 Rhf8 28.Rh6 d6 29.Nd3 f5
30.Rxh7 Nc8 31.exf5 Rxf5 32.Be6 Rf6 33.Bh3 Nb6 34.Kb2 Rff8 35.Re2 Bf3 36.Rd2 Nd5
37.Ne1 Be4 38.Rh4 Nc3 39.a3 d5 40.axb4 axb4 41.Bg2 Kc7 42.Nd3 Bxg2 43.Rxb4 d4
44.Rxg2 Rf1 45.Rc4+ Kd6 46.Rxc3 dxc3+ 47.Kxc3 e4 48.Nb2 Rf3+ 49.Kd4 e3 50.Nd3 Re8
51.Re2 Rf5 52.c4 Rf3 53.b4 Kc7 54.c5 Rd8+ 55.Ke4 Rf1 56.b5 Re8+ 57.Kd4 Ra1
58.Ne5 Rd1+ 59.Ke4 Rc1 60.b6+ Kb7 61.Rxe3 Rxc5 62.Kf4 Rc2 63.h4 Rf2+ 64.Kg5 Rb2
65.g4 Rxb6 66.h5 Rb5 67.Kf6 Rb6+ 68.Kf5 Rf8+ 69.Kg5 Re8 70.Kf4 Rf6+ 71.Kg5 Rb6
72.Nc4 Rg8+ 73.Kh4 Rb4 74.Re7+ Kc6 75.Ne3 Rb1 76.Re6+ Kd7 77.Rg6 Rxg6 78.hxg6 Ke7
79.Kg5 Kf8 80.Nf5 Ra1 81.Nd4 Kg7 82.Ne6+ Kg8 83.Nf4 Ra5+ 84.Kh6 Ra1 85.Nh5 Rh1
86.g7 Rh4 87.Kg5 Rxh5+ 88.Kxh5 Kh7 89.g8=Q+  1-0

[Event "Kaupthing Open"]
[Site "Differdange LUX"]
[Date "2007.07.09"]
[Round "4"]
[White "Barthel,A"]
[Black "Mauquoi,R"]
[Result "1/2-1/2"]
[WhiteElo "2182"]
[BlackElo "2064"]

1.e4 c5 2.Nf3 e6 3.d4 cxd4 4.Nxd4 Nc6 5.Nc3 a6 6.Nxc6 bxc6 7.Bd3 d5 8.O-O d4
9.Ne2 c5 10.c3 dxc3 11.Nxc3 Qc7 12.Qe2 Bb7 13.b3 Ne7 14.f4 g6 15.f5 gxf5
16.exf5 Rg8 17.Be4 e5 18.Bxb7 Qxb7 19.Ne4 Nd5 20.Bg5 Qc6 21.Rad1 Be7 22.Bxe7 Kxe7
23.f6+ Kf8 24.Qd2 Rg4 25.Qxd5 Qxd5 26.Rxd5 Rxe4 27.Rxc5 Re2 28.Rfc1 Rd8 29.R5c2 Rxc2
30.Rxc2 Ke8 31.Rc5 Rd1+ 32.Kf2 Rd2+ 33.Kg3 Rxa2 34.Rxe5+ Kd7 35.Re7+ Kd6
36.Rxf7 Ke6 37.Rxh7 Ra3 38.Rb7 Kxf6 39.h4 Kf5 40.Kf3 Ra1 41.g4+ Kf6 42.Rb6+ Kf7
43.Kf4 a5 44.Rb7+ Kf6 45.g5+ Kg6 46.Rb6+ Kf7 47.h5 a4 48.bxa4 Rxa4+ 49.Kf5 Ra5+
50.Kf4 Ra4+ 51.Ke3 Ra3+ 52.Kd4 Ra5 53.Rf6+ Kg8 54.Rg6+ Kf7 55.Ke4 Ra4+ 56.Kd5 Ra5+
57.Kc4 Rf5 58.Kd3 Ra5 59.Kc4 Rf5 60.Kb4 Re5 61.Rf6+ Kg8  1/2-1/2

[Event "Canadian Open"]
[Site "Ottawa CAN"]
[Date "2007.07.09"]
[Round "4"]
[White "Yu,Ma"]
[Black "Van Dijk,Ti"]
[Result "1/2-1/2"]
[WhiteElo "2023"]
[BlackElo "2274"]

1.e4 c5 2.Nf3 e6 3.d4 cxd4 4.Nxd4 Nc6 5.Nc3 Qc7 6.Be2 a6 7.Be3 Nf6 8.O-O Bb4
9.Na4 Be7 10.c4 Nxe4 11.c5 d5 12.cxd6 Bxd6 13.Nxc6 bxc6 14.Nb6 Rb8 15.Qa4 Rxb6
16.Bxb6 Bxh2+ 17.Kh1 Qf4 18.Qd4 Qh4 19.Qd8+ Qxd8 20.Bxd8 Be5 21.Ba5 Bxb2
22.Rad1 Ke7 23.Bf3 f5 24.Rb1 Bd4 25.Bxe4 fxe4 26.Bb6 e5 27.Rb4 a5 28.Bxa5 Ba6
29.Rd1 c5 30.Rb6 Ra8 31.Be1 Ra7 32.a4 Be2 33.Rd2 Bd3 34.Ra2 c4 35.Rb4 c3
36.Kg1 Kd6 37.a5 Rc7 38.a6 c2 39.Bd2 c1=Q+ 40.Bxc1 Rxc1+ 41.Kh2 Ba7 42.Rd2 Ra1
43.Rxe4 Bxf2 44.Rxd3+ Ke6 45.Rc4 Bg1+ 46.Kg3 Rxa6 47.Rc7 Kf6 48.Rf3+ Kg6
49.Re7 Bd4 50.Rff7 Ra3+ 51.Rf3 Rxf3+ 52.Kxf3 h5 53.g3 Kf5 54.Rf7+ Kg6 55.Rf8 Bc5
56.Rc8 Be7 57.Ke4 Bf6 58.Rc3 Kg5 59.Rb3 Kg4 60.Rf3 Be7 61.Rd3 Bc5 62.Kxe5 Bf2
63.Ke4 Bxg3 64.Ke3 g5 65.Ke2 h4 66.Kf1 h3 67.Kg1 Kh4 68.Rd4+ g4 69.Rxg4+  1/2-1/2

[Event "ch-NOR"]
[Site "Hamar NOR"]
[Date "2007.07.10"]
[Round "5"]
[White "Hansen,TR"]
[Black "Gronn,A"]
[Result "0-1"]
[WhiteElo "2336"]
[BlackElo "2310"]

1.e4 c5 2.Nf3 e6 3.d4 cxd4 4.Nxd4 Nc6 5.Nc3 a6 6.Be3 Nf6 7.Bd3 Qc7 8.O-O Nxd4
9.Bxd4 Bc5 10.Bxc5 Qxc5 11.Re1 d6 12.Qd2 O-O 13.Re3 b5 14.Rg3 g6 15.a3 Kg7
16.Rd1 Ra7 17.Be2 Rd7 18.Rh3 Ng8 19.b4 Qa7 20.Rd3 Rfd8 21.h4 h6 22.Qf4 e5
23.Qd2 Nf6 24.g4 Bb7 25.Bf3 Ne8 26.Ne2 Nc7 27.h5 Ne6 28.Qc3 Ng5 29.hxg6 fxg6
30.Rxd6 Nxf3+ 31.Kg2 Bxe4  0-1

[Event "Open A"]
[Site "Kowalewo Pomorskie POL "]
[Date "2007.07.10"]
[Round "9"]
[White "Klykow,L"]
[Black "Ejsmont,K"]
[Result "0-1"]
[WhiteElo "2188"]
[BlackElo "2367"]

1.e4 c5 2.Nf3 e6 3.d4 cxd4 4.Nxd4 Nc6 5.Nc3 Qc7 6.Be2 a6 7.Be3 Nf6 8.O-O Bb4
9.Na4 O-O 10.Nxc6 bxc6 11.Nb6 Rb8 12.Nxc8 Rfxc8 13.Bxa6 Rd8 14.Bd3 Bd6 15.f4 e5
16.Qc1 Ng4 17.f5 Qa5 18.Kh1 Bc5 19.Bg5 f6 20.Bh4 Qa7 21.Bc4+ Kh8 22.Bb3 d5
23.Qd1 Ne3 24.Qh5 Nxf1 25.Rxf1 Qa6 26.Re1 dxe4 27.Bf7 Be3 28.h3 Bd2 29.Rxe4 Qf1+
30.Kh2 Bf4+ 31.Rxf4 Qxf4+ 32.Bg3 Qf1 33.Bh4 Rd2 34.Qg4 Rb4  0-1

[Event "ch-SVK"]
[Site "Banska Stiavnica SVK"]
[Date "2007.07.11"]
[Round "5"]
[White "Hagarova,Z"]
[Black "Movsesian,S"]
[Result "1/2-1/2"]
[WhiteElo "2389"]
[BlackElo "2667"]

1.e4 c5 2.Nf3 Nc6 3.Nc3 e6 4.d4 cxd4 5.Nxd4 Qc7 6.Be3 Nf6 7.Qd2 a6 8.O-O-O b5
9.Bf4 Qb6 10.e5 Qxd4 11.Qxd4 Nxd4 12.Rxd4 b4 13.Na4 Nd5 14.Rxd5 exd5 15.Nb6 Rb8
16.Nxd5 Bc5 17.Nc7+ Kd8 18.Nxa6 Bxa6 19.Bxa6 Bxf2 20.Rd1 Rb6 21.Bc4 Ke7 22.Bg5+ f6
23.exf6+ gxf6 24.Bf4 Bc5 25.Bd3 Bd6 26.Re1+ Kf7 27.Bc4+ Kg6 28.Be3 Rb7 29.Bd3+ Kg7
30.Be4 Rb5 31.Rd1 Re8 32.Rxd6 Rxe4 33.Rxd7+ Kg6 34.Rd3 Rg4 35.g3 Rh5 36.Rd2 Re4
37.Re2 Ra5 38.a3 bxa3 39.bxa3 Rxa3 40.Kd2 h5 41.h4 Kf5 42.Rf2+ Ke6 43.Bf4 Rc4
44.Re2+ Kf5 45.Kc1 Ra6 46.Kd2 Kg4 47.Kc1 Ra1+ 48.Kb2 Ra6 49.Kc1 Rcc6 50.Rf2 Ra1+
51.Kb2 Rd1 52.Re2 Rd4 53.Kb3 Rdc4 54.Rf2 R4c5 55.Kb2 Rb5+ 56.Kc1 Re6 57.Kd2 Re4
58.Kd3 Re8 59.c4 Rb3+ 60.Kd4 Rd8+ 61.Kc5 Rc8+ 62.Kd4 Rb1 63.c5 Rd1+ 64.Kc4 Rd7
65.Rb2 Kf5 66.Rf2 Ke6 67.Re2+ Kf7 68.Rb2 Ke6 69.Re2+ Kf7 70.Rb2 Ke6 71.Re2+  1/2-1/2

[Event "XXX Open"]
[Site "Barbera del Valles ESP"]
[Date "2007.07.11"]
[Round "6"]
[White "Perpinya Rofes,L"]
[Black "Jovanic,O"]
[Result "1/2-1/2"]
[WhiteElo "2400"]
[BlackElo "2491"]

1.e4 c5 2.Nf3 e6 3.d4 cxd4 4.Nxd4 Nc6 5.Nc3 Qc7 6.Be2 a6 7.O-O Nf6 8.Kh1 Be7
9.f4 d6 10.Be3 O-O 11.Qe1 Nxd4 12.Bxd4 b5 13.a3 Bb7 14.Qg3 Bc6 15.Bd3 e5
16.fxe5 Nh5 17.Qh3 dxe5 18.Nd5 Bxd5 19.Qxh5 Bd6 20.exd5 g6 21.Qh4 exd4 22.a4 b4
23.Rae1 a5 24.Re2 Rae8 25.Rfe1 Re5 26.Rxe5 Bxe5 27.Re2 Qd6 28.b3 Re8 29.Qe4 Re7
30.Qf3 Kf8 31.g3 Kg7 32.Kg2 h5 33.Kg1 f5 34.Kg2 Rf7 35.Rf2 Qf6 36.Bc4 Re7
37.Re2 Qg5 38.Qd3 Qf6 39.Qf3 Kh7 40.Bd3 Qg5 41.Re1 Kh6 42.Re2 h4 43.Re1 Kg7
44.Re2 hxg3 45.hxg3 Qf6 46.Bc4 Qd6 47.Re1 Re8 48.Rh1 Bf6 49.Qf4 Qxf4 50.gxf4 Re4
51.Kf3 Be7 52.Bd3 Re3+ 53.Kf2 Bd6 54.Rh4 g5 55.Rh1 g4 56.Bxf5 g3+ 57.Kg2 Bxf4
58.Bd3 Kf6 59.Rf1 Kg5 60.Rf3 Re7 61.Rf1 Re5 62.Bc4 d3 63.Bxd3 Rxd5 64.Re1 Rd6
65.Re7 Kf6 66.Ra7 Rd5 67.Kf3 Bb8 68.Rh7 Rg5 69.Rh6+ Kf7 70.Rh7+ Ke6 71.Rh6+ Kd5
72.Rg6 Rxg6  1/2-1/2

[Event "Campeonato Continental Absolut"]
[Site "Cali COL"]
[Date "2007.07.11"]
[Round "2"]
[White "Zapata,Alo"]
[Black "Aranha Filho,A"]
[Result "1-0"]
[WhiteElo "2486"]
[BlackElo "2270"]

1.e4 c5 2.Nf3 Nc6 3.Nc3 e6 4.d4 cxd4 5.Nxd4 Nf6 6.Ndb5 d6 7.Bf4 e5 8.Bg5 a6
9.Na3 b5 10.Nd5 Be7 11.Bxf6 Bxf6 12.c3 O-O 13.Nc2 Bg5 14.a4 bxa4 15.Rxa4 a5
16.Bb5 Ne7 17.Ncb4 Bg4 18.Qxg4 axb4 19.Qxg5 Nxd5 20.Qxd8 Rfxd8 21.exd5 Rxa4
22.Bxa4 Ra8 23.b3 bxc3 24.Ke2 Ra5 25.Rc1 Rc5 26.Bc6  1-0

[Event "6th IM"]
[Site "Condom FRA"]
[Date "2007.07.11"]
[Round "6"]
[White "Sanchez,Joseph"]
[Black "Bujisho,B"]
[Result "1-0"]
[WhiteElo "2486"]
[BlackElo "2384"]

1.e4 c5 2.Nf3 e6 3.d4 cxd4 4.Nxd4 Nc6 5.Nc3 Qc7 6.Be3 a6 7.Qd2 Nf6 8.O-O-O Bb4
9.f3 Ne7 10.g4 h6 11.Kb1 Bxc3 12.Qxc3 Qxc3 13.bxc3 d5 14.exd5 Nfxd5 15.Bd2 Bd7
16.c4 Nf6 17.Be2 Nc6 18.Nb3 O-O-O 19.Bc3 e5 20.Bd3 Kb8 21.Rde1 Rde8 22.h4 Bc8
23.Kb2 Nd7 24.g5 hxg5 25.hxg5 Rxh1 26.Rxh1 f6 27.g6 Nf8 28.Rh8 Rd8 29.Be4 Ne6
30.Rh7 Rd7 31.Bf5 Rc7 32.Rh8 Nf4 33.Be4 Ka7 34.Bd2 f5 35.Be3+ Kb8 36.Bxf5 Ne7
37.Bxf4 exf4 38.Be4 Ka7 39.Rf8 Be6 40.c5 Bd5 41.Bxd5 Nxd5 42.Rf5  1-0

[Event "ch-SCO"]
[Site "Cumbernauld SCO"]
[Date "2007.07.11"]
[Round "5"]
[White "Bryson,D"]
[Black "Grant,A"]
[Result "1/2-1/2"]
[WhiteElo "2352"]
[BlackElo "2221"]

1.e4 c5 2.Nf3 e6 3.d4 cxd4 4.Nxd4 Nc6 5.Nc3 Qc7 6.f4 a6 7.Be2 b5 8.Nxc6 Qxc6
9.Bf3 Bb7 10.Be3 Rc8 11.e5 Qc7 12.Ne4 Bxe4 13.Bxe4 d5 14.Bd3 Bc5 15.Bd2 Ne7
16.Qh5 Qb6 17.O-O-O b4 18.g4 Be3 19.Bxe3 Qxe3+ 20.Kb1 Rc6 21.Rde1 Qxf4 22.Rhf1 g6
23.Rxf4 gxh5 24.Rxb4 hxg4 25.Bxa6 Kd8 26.Bb5 Rb6 27.a4 h5 28.Rf4 Rh7 29.Ref1 Ng6
30.Rxf7 Rxf7 31.Rxf7 Nxe5 32.Rh7 Nf3 33.Rxh5 e5 34.Rh7 e4 35.Rd7+ Kc8 36.Rxd5 Rxb5
37.Rxb5 e3 38.Rb3 e2 39.Re3 e1=Q+ 40.Rxe1 Nxe1 41.Kc1 Nf3 42.Kd1 Nxh2 43.Ke2 Nf3
44.Kf2 Kb7 45.Kg3 Ne5 46.c4 Nxc4  1/2-1/2

[Event "Kaupthing Open"]
[Site "Differdange LUX"]
[Date "2007.07.11"]
[Round "6"]
[White "Feller,S"]
[Black "Iotov,V"]
[Result "1-0"]
[WhiteElo "2478"]
[BlackElo "2502"]

1.e4 c5 2.Nf3 e6 3.d4 cxd4 4.Nxd4 Nc6 5.Nc3 Qc7 6.Be3 a6 7.Qd2 Nf6 8.O-O-O Bb4
9.f3 Ne5 10.Nb3 b5 11.Qf2 Be7 12.Bc5 Bb7 13.a4 b4 14.Na2 d5 15.Nxb4 dxe4
16.Bxe7 Qxe7 17.f4 Neg4 18.Qb6 O-O 19.h3 Nh6 20.Qc5 Qe8 21.g4 Nd5 22.Rd4 Qb8
23.Kb1 Rc8 24.Qa5 Qxf4 25.Bc4 Ne3 26.Be2 Qf2 27.Rd2 Nd5 28.Rf1 Qg2 29.Re1 Qxh3
30.Red1 Nxg4 31.Nc5 Nge3 32.Nxb7 Nxd1 33.Nxd5 exd5 34.Rxd1 Qh2 35.Qd2 e3
36.Qd3 Qc7 37.Bf3 Qxb7 38.Bxd5 Qd7 39.Bxa8 Qxd3 40.Rxd3 Rxa8 41.Rxe3 h5 42.Rh3 g6
43.b4 Kg7 44.c4 Kf6 45.Kb2 Ke5 46.c5 f5 47.Kb3 Kd4 48.c6 Rc8 49.Rc3 f4 50.b5 axb5
51.axb5 Kd5 52.c7 f3 53.b6 f2 54.Rc1 f1=Q 55.Rxf1 Kc6 56.Rf6+ Kb7 57.Rxg6 h4
58.Rh6 Rg8 59.Kc4 h3 60.Kc5 Rg3 61.Rh8 Rc3+ 62.Kd4  1-0

[Event "ch-NOR"]
[Site "Hamar NOR"]
[Date "2007.07.11"]
[Round "6"]
[White "Dannevig,O"]
[Black "Gronn,A"]
[Result "0-1"]
[WhiteElo "2331"]
[BlackElo "2310"]

1.e4 c5 2.Nf3 e6 3.d4 cxd4 4.Nxd4 Nc6 5.Nc3 a6 6.Nxc6 bxc6 7.Bd3 d5 8.O-O Nf6
9.Re1 Be7 10.e5 Nd7 11.Qg4 g6 12.Na4 Qa5 13.Bh6 c5 14.b3 c4 15.Bf1 Bb7 16.Rab1 Bc6
17.Nb2 Rb8 18.bxc4 Rxb2 19.Rxb2 Qxe1 20.cxd5 Bxd5 21.Qa4 Qxe5 22.Rb1 Bd6
23.f4 Bc5+ 24.Kh1 Qd4 25.Qxd4 Bxd4 26.Bxa6 Ke7 27.c4 Bc6 28.Bb5 Bxb5 29.cxb5 Ra8  0-1

[Event "Lake Sevan"]
[Site "Martuni ARM"]
[Date "2007.07.11"]
[Round "6"]
[White "Gopal,G"]
[Black "Vovk,Y"]
[Result "1/2-1/2"]
[WhiteElo "2455"]
[BlackElo "2523"]

1.e4 c5 2.Nf3 e6 3.d4 cxd4 4.Nxd4 Nc6 5.Nc3 Nf6 6.Be2 Bb4 7.O-O Bxc3 8.bxc3 Nxe4
9.Qd3 d5 10.Ba3 e5 11.Nxc6 bxc6 12.c4 Ba6 13.Qe3 f5 14.cxd5 Bxe2 15.Qxe2 Qxd5
16.Rfd1 Qe6 17.Qa6 Kf7 18.f3 Nf6 19.Rd6 Qc8 20.Qc4+ Kg6 21.h4 h5 22.Bb2 Re8
23.Re1 Qb8 24.Ba3 Qb6+ 25.Qc5 Rac8 26.Qxb6 axb6 27.Bb2 e4 28.Kf2 Red8 29.Red1 Rxd6
30.Rxd6 Kf7 31.a4 b5 32.a5 Ke7 33.Be5 Nd7 34.Bf4 Ra8 35.Rxc6 Rxa5 36.fxe4 fxe4
37.Ke3 Ra4 38.g3 Nf6 39.Rc5 Ng4+ 40.Ke2 Rc4 41.Rxb5 Rxc2+ 42.Kd1 Ra2 43.Rxh5 Nf2+
44.Ke1 Nd3+ 45.Kd1 Kf6 46.Be3 Nf2+ 47.Bxf2 Rxf2 48.Rg5 g6 49.Ke1 Rf3 50.Ke2 Ra3
51.Rg4 Kf5 52.Rg5+ Kf6 53.Rg4 Ke5  1/2-1/2

[Event "Inautomarket Open"]
[Site "Minsk BLR"]
[Date "2007.07.11"]
[Round "2"]
[White "Kolesnik,E"]
[Black "Bocharov,D"]
[Result "0-1"]
[WhiteElo "2368"]
[BlackElo "2605"]

1.e4 c5 2.Nf3 Nc6 3.d4 cxd4 4.Nxd4 e6 5.Nc3 a6 6.Be3 Nf6 7.Bd3 Qc7 8.Qe2 b5
9.f4 Nxd4 10.Bxd4 Qxf4 11.Rf1 Qd6 12.e5 Qxd4 13.exf6 Bb4 14.O-O-O Bxc3 15.bxc3 Qxc3
16.Qf3 Ra7 17.Qg3 gxf6 18.Qg7 Rf8 19.Rxf6 Rc7 20.Bxh7 Bb7 21.Rdf1 Rc4 22.Bg6 Qa3+
23.Kd1 Rd4+ 24.Bd3  0-1